Statistiques concernant Les paroliers des tubes français

Cliquez ici pour prendre le quiz!

Statistiques générales

  • Ce quiz a été pris 14 fois
  • Le résultat moyen est 14 sur 67

Statistiques - réponses

HintRéponse% Correct
S'il suffisait d'aimer (Céline Dion)Jean-Jacques Goldman
92%
Belle-Île-en-Mer, Marie-Galante (Laurent Voulzy)Alain Souchon
67%
Résiste (France Gall)Michel Berger
67%
Moi... Lolita (Alizée)Mylène Farmer
67%
Double je (Christophe Willem)Zazie
67%
La ceinture (Élodie Frégé)Benjamin Biolay
58%
Retiens la nuit (Johnny Hallyday)Charles Aznavour
58%
Marie (Johnny Hallyday)Gérald de Palmas
58%
Et puis je sais (Johnny Hallyday)Patrick Bruel
58%
Fais-moi une place (Julien Clerc)Françoise Hardy
50%
Harley Davidson (Brigitte Bardot)Serge Gainsbourg
50%
Tiago (Kendji Girac)Vianney
50%
On va s'aimer (Gilbert Montagné)Didier Barbelivien
42%
Nathan (Calogero)Marc Lavoine
42%
Divine Idylle (Vanessa Paradis)Matthieu Chedid
42%
Les choses simples (Jenifer et Slimane)Slimane
42%
Joe le taxi (Vanessa Paradis)Étienne Roda-Gil
33%
La Mamma (Charles Aznavour)Robert Gall
33%
Ma préférence (Julien Clerc)Jean-Loup Dabadie
25%
Tomber (Gérald de Palmas)Maxime Le Forestier
25%
On fait le show (Les Enfoirés)Soprano
25%
Ma philosophie (Amel Bent)Diam's
17%
Les mots bleus (Christophe)Jean-Michel Jarre
17%
Savoir aimer (Florent Pagny)Lionel Florence
17%
Aimer à perdre la raison (Jean Ferrat)Louis Aragon
17%
J'écoute de la musique saoule (Françoise Hardy)Michel Jonasz
17%
Il venait d'avoir 18 ans (Dalida)Pascal Sevran
17%
Jour 1 (Louane)Patxi
17%
Déjeuner en paix (Stephan Eicher)Philippe Djian
17%
Oh ! Ma jolie Sarah (Johnny Hallyday)Philippe Labro
17%
Et maintenant (Gilbert Bécaud)Pierre Delanoë
17%
Éblouie par la nuit (Zaz)Raphaël
17%
Bim bam toi (Carla)Barbara Pravi
8%
Tu peux préparer le café noir (Eddy Mitchell)Boris Bergman
8%
La fleur aux dents (Joe Dassin)Claude Lemesle
8%
Au Café des délices (Patrick Bruel)Félix Gray
8%
Résidents de la République (Alain Bashung)Gaëtan Roussel
8%
Milord (Édith Piaf)Georges Moustaki
8%
Qui a le droit... (Patrick Bruel)Gérard Presgurvic
8%
Et moi, et moi, et moi (Jacques Dutronc)Jacques Lanzmann
8%
Les lionnes (Yannick Noah)Jacques Veneruso
8%
Le Loir-et-Cher (Michel Delpech)Jean-Michel Rivat
8%
Les corons (Pierre Bachelet)Jean-Pierre Lang
8%
Le Blues du businessman (Claude Dubois)Luc Plamondon
8%
La fête (Michel Fugain)Maurice Vidalin
8%
Il est où le bonheur (Christophe Maé)Paul École
8%
Le petit cheval (Georges Brassens)Paul Fort
8%
Entre nous (Chimène Badi)Rick Allison
8%
Aller plus haut (Tina Arena)Robert Goldman (J. Kapler)
8%
Avant toi (Calogero)Alex Beaupain
0%
Je vais à Rio (Claude François)Eddy Marnay
0%
Vive le ventFrancis Blanche
0%
Je vais t'aimer (Michel Sardou)Gilles Thibaut
0%
Capitaine abandonné (Gold)Jacques Cardona
0%
La Fièvre dans le sang (Alain Chamfort)Jacques Duvall
0%
Et tu danses avec lui (C. Jérome)Jean Albertini
0%
L'Amitié (Françoise Hardy)Jean-Max Rivière
0%
Ève leve-toi (Julie Pietri)Jean-Michel Bériat
0%
Le Coup de soleil (Richard Cocciante)Jean-Paul Dréau
0%
Le Loup, la Biche et le Chevalier (Henri Salvador)Maurice Pon
0%
Qui saura (Mike Brant)Michel Jourdan
0%
Vanina (Dave)Patrick Loiseau
0%
Qu'est-ce qu'on attend pour être heureux ? (Ray Ventura)Paul Misraki
0%
Le pont Mirabeau (Marc Lavoine)Paul Verlaine
0%
La bicyclette (Yves Montand)Pierre Barouh
0%
Dix ans plus tôt (Michel Sardou)Pierre Billon
0%
Madame rêve (Alain Bashung)Pierre Grillet
0%

Distribution des résultats

Percentile par nombre de réponses

% des personnes avec chaque résultat

Votre développement - résultats

Vous n’avez pas pris ce quiz